000 00368 a2200169 4500
001 183515
020 _a85-00-00582-3
040 _cMagnum
100 _aShakespeare
240 1 0 _aContos de shakespeare
_lpor
245 1 0 _aContos de shakespeare
300 _a72
362 0 _a2003
440 1 _aEdiouro
697 _aLITERATURA JUVENIL ESTRANGEIRA
942 _cBK
999 _c183515
_d183515